000 00703nam a2200193Ii 4500
003 JO-AjNU
008 230605s9999||||xx |||||||||||||| ||und||
040 _aJO-AjNU
_bara
_erda
_cJO-AjNU
041 _aara
050 1 4 _aTR183.R3212 1985
100 3 _aترجمة فتحي ، محمد، جرجس عبده,
_eauthor
_934505
245 0 0 _aالفن اليوم مدخل الى نظرية والنحت المعاصرين
264 3 1 _aالقاهرة: دار لمعارف، 1985
300 _a68ص
_bصور توضيحية
336 _atext
_btxt
_2rdacontent
337 _aunmediated
_bn
_2rdamedia
338 _avolume
_bnc
_2rdacarrier
650 4 _aالنحت-فلسفة- الرسم-فلسفة
_934506
999 _aA14155
_c17723
_d17723